00723nam a22002297a 45000010005000000030006000050050017000110080041000280200015000690400029000840500014001130820009001271000020001362450041001562600038001973000048002355050007002835200109002905210029003995210019004286500046004474000FISKH20240529152651.0240529b cb ||||| |||| 00| 0 eng d a0590162527 aFISKHbengcFISKHdFISKH aQL49.B476 a590  aBernard, Robin  aAmazing animals /cby Robin Bernard  aNew York : bScholastic, c1996.  a16 pages : bcolor illustrations ; c23 cm  aG  aPictures and a short text spotlight animal's eyes, ears, noses, teeth, tongues, body covers, and feet. 8 a410 bLexile estimate 8 aG bRaz-Plus  aAnimals vMammals xScience yBody parts